Intergrated common entrance test for MBA MCA / (Record no. 41659)

MARC details
000 -LEADER
fixed length control field 00602nam a22001937a 4500
005 - DATE AND TIME OF LATEST TRANSACTION
control field 20100813115918.0
010 ## - LCCN (DPL NO)
LC control number ENG-100315
020 ## - INTERNATIONAL STANDARD BOOK NUMBER
Terms of availability 349.00
035 ## - SYSTEM CONTROL NUMBER
System control number EN-83847
037 ## - SOURCE OF ACQUISITION
Source of stock number/acquisition DBAD/PUB
082 ## - DEWEY DECIMAL CLASSIFICATION NUMBER
Classification number 000
245 ## - TITLE STATEMENT
Title Intergrated common entrance test for MBA MCA /
260 ## - PUBLICATION, DISTRIBUTION, ETC. (IMPRINT)
Place of publication, distribution, etc Hyderabad
Name of publisher, distributor, etc New Vision Publications
Date of publication, distribution, etc 2007
270 ## - ADDRESS
Address Hyderabad
City 71 SRT, Vidyanagar,
Postal code 500044
300 ## - PHYSICAL DESCRIPTION
Extent 1096p.
Dimensions 26cm (pbk)
700 ## - ADDED ENTRY--PERSONAL NAME
9 (RLIN) 12606
942 ## - ADDED ENTRY ELEMENTS (KOHA)
Source of classification or shelving scheme Dewey Decimal Classification
Item type English Books
Classification part 000
Call number suffix INT
Holdings
Withdrawn status Lost status Not for loan Collection code Home library Current library Date acquired Source of acquisition Cost, normal purchase price Full call number Barcode Copy number Cost, replacement price Koha item type
    Not For Loan Non-fiction D.B.Act.Division D.B.Act.Division 13/08/2010 DBAD/PUB 349.00 000 INT EN-83847 1 349.00 English Books

© Delhi Public Library
Hit Counter
free hit counter